书目信息 |
| 题名: |
金融机构新思维
|
|
| 作者: | 郑晓玲 , 俞雪华 编著 | |
| 分册: | ||
| 出版信息: | 北京 中国经济出版社 2009 |
|
| 页数: | 235页 | |
| 开本: | 24cm | |
| 丛书名: | ||
| 单 册: | ||
| 中图分类: | F830.3 | |
| 科图分类: | ||
| 主题词: | 金融机构--研究 , 金融机构 | |
| 电子资源: | ||
| ISBN: | 978-7-5017-9177-4 | |
| 000 | 01104nam0 2200265 45 | |
| 001 | 1032980640 | |
| 005 | 20100408162333.07 | |
| 010 | @a978-7-5017-9177-4@dCNY38.00 | |
| 100 | @a20100331d2009 em y0chiy50 ea | |
| 101 | 0 | @achi |
| 102 | @aCN@b110000 | |
| 105 | @ay z 000yy | |
| 106 | @ar | |
| 200 | 1 | @a金融机构新思维@AJin Rong Ji Gou Xin Si Wei@dNew thinking of financial institutions@f郑晓玲,俞雪华编著@FZheng Xiao Ling, Yu Xue Hua Bian Zhu@zeng |
| 210 | @a北京@c中国经济出版社@d2009 | |
| 215 | @a235页@d24cm | |
| 330 | @a本书在对金融风险和金融危机的关系间的认识的基础上,针对商业银行、投资银行、证券投资基金公司、证券公司、保险公司等金融机构的业务特点、金融危机对其的影响,提出了各金融机构应对金融危机、持续稳健发展的策略。书中还探讨了在金融危机下金融监管的创新和调整。 | |
| 510 | 1 | @aNew thinking of financial institutions@zeng |
| 606 | 0 | @a金融机构@x研究 |
| 606 | 0 | @a金融机构 |
| 690 | @aF830.3@v4 | |
| 701 | 0 | @a郑晓玲@AZheng Xiao Ling@c(女,@f1970~)@4编著 |
| 701 | 0 | @a俞雪华@AYu Xue Hua@f(1963~)@4编著 |
| 801 | 0 | @aCN@bTANGWEI@c20100408 |
| 905 | @b0587016-20@dF830.3@e160@f5 | |
| 金融机构新思维=New thinking of financial institutions/郑晓玲,俞雪华编著.-北京:中国经济出版社,2009 |
| 235页;24cm |
| ISBN 978-7-5017-9177-4:CNY38.00 |
| 本书在对金融风险和金融危机的关系间的认识的基础上,针对商业银行、投资银行、证券投资基金公司、证券公司、保险公司等金融机构的业务特点、金融危机对其的影响,提出了各金融机构应对金融危机、持续稳健发展的策略。书中还探讨了在金融危机下金融监管的创新和调整。 |
| ● |
| 相关链接 |
|
|
|
|
正题名:金融机构新思维
索取号:F830.3/160
 
预约/预借
| 序号 | 登录号 | 条形码 | 馆藏地/架位号 | 状态 | 备注 |
| 1 | 0587016 | 205870164 | 第一样本阅览室/ [索取号:F830.3/160] | 在馆 | |
| 2 | 0587017 | 205870173 | 第一借阅区/ [索取号:F830.3/160] | 在馆 | |
| 3 | 0587018 | 205870182 | 第一借阅区/ [索取号:F830.3/160] | 在馆 | |
| 4 | 0587019 | 205870191 | 第一借阅区/ [索取号:F830.3/160] | 在馆 | |
| 5 | 0587020 | 205870208 | 第一借阅区/ [索取号:F830.3/160] | 在馆 |